00254nam a2200121Ia 45000030006000000080041000060400015000471000018000622450014000802600009000945460012001030050017001150STCL150530s9999 xx 000 0 und d aSTCLcSTCL aGuthere, A.B. aWay wsest c1952 aEnglish20220125171346.0